Soccer Players by Letter - Z - Statistics

General Stats
  • This quiz has been taken 436 times
  • The average score is 7 of 12
Answer Stats
Picture Answer % Correct
Zinédine Zidane
100%
Javier Zanetti
81%
Zico
80%
Hakim Ziyech
76%
Oleksandr Zinchenko
76%
Gianfranco Zola
63%
Gianluca Zambrotta
61%
Kurt Zouma
60%
Pablo Zabaleta
46%
Piotr Zielinski
33%
Dino Zoff
31%
Denis Zakaria
27%
No matching quizzes found
Score Distribution
Percent of People with Each Score
Percentile by Number Answered
Your Score History
You have not taken this quiz